000 01028cab a2200313 4500
001 ABS49217
008 090401t1993 xxu||||| |||| 00| 0 eng d
035 _a(Sirsi) u70377
041 _aeng
100 _aCarter, S.
245 _aMore CLEUDS and CLOPUDS
260 _c1993
350 _a0
490 _aSolicitors` Journal
_v137(33) 27 August 1993, 856-857(2)
520 _aDiscusses ways of finding out the planning history of a site and the importance of doing this.
650 _aCAMDEN LBC V SOS ENVIRONMENT
650 _aCASE LAW
650 _aDONCASTER BC V SOS ENVIRONMENT AND DUNHELL
650 _aGENERAL DEVELOPMENT ORDER 1988
650 _aPLANNING AND COMPENSATION ACT 1991
650 _aPLANNING HISTORY
650 _aTOWN AND COUNTRY PLANNING ACT 1990
650 _aTOWN AND COUNTRY PLANNING (USE CLASSES) ORDER 1987
650 _aVAN DYCK V SOS ENVIRONMENT AND SOUTHEND ON SEA BC
690 _aPLANNING LAW AND PRACTICE
700 _aKinloch, I.
942 _n0
948 _c04/03/1997
999 _c44253
_d44253